Puck (Record no. 1433)

MARC details
000 -LEADER
fixed length control field 00812nam a2200241 a 4500
001 - CONTROL NUMBER
control field 12298004
003 - CONTROL NUMBER IDENTIFIER
control field OverDrive
005 - DATE AND TIME OF LATEST TRANSACTION
control field 20260615040519.0
008 - FIXED-LENGTH DATA ELEMENTS--GENERAL INFORMATION
fixed length control field 260614s o 000 0 en d
020 ## - INTERNATIONAL STANDARD BOOK NUMBER
International Standard Book Number 9781638933427
041 0# - LANGUAGE CODE
Language code of text/sound track or separate title en
100 1# - MAIN ENTRY--PERSONAL NAME
Personal name Allen, Samantha
Relator term author
245 10 - TITLE STATEMENT
Title Puck
264 #1 - PRODUCTION, PUBLICATION, DISTRIBUTION, MANUFACTURE, AND COPYRIGHT NOTICE
Name of producer, publisher, distributor, manufacturer Zando
Date of production, publication, distribution, manufacture, or copyright notice 06/02/2026
336 ## - CONTENT TYPE
Content type term text
Source rdacontent
650 #7 - SUBJECT ADDED ENTRY--TOPICAL TERM
Topical term or geographic name entry element Fiction
Source of heading or term overdrive
650 #7 - SUBJECT ADDED ENTRY--TOPICAL TERM
Topical term or geographic name entry element Romance
Source of heading or term overdrive
650 #7 - SUBJECT ADDED ENTRY--TOPICAL TERM
Topical term or geographic name entry element Humor (Fiction)
Source of heading or term overdrive
650 #7 - SUBJECT ADDED ENTRY--TOPICAL TERM
Topical term or geographic name entry element LGBTQIA+ (Fiction)
Source of heading or term overdrive
650 #7 - SUBJECT ADDED ENTRY--TOPICAL TERM
Topical term or geographic name entry element Gender
Authority record control number or standard number https://homosaurus.org/v4/homoit0000560
Source of heading or term homoit
9 (RLIN) 1016
856 42 - ELECTRONIC LOCATION AND ACCESS
Uniform Resource Identifier <a href="https://img3.od-cdn.com/ImageType-400/0111-1/{40D199C8-DC1C-4A84-9087-430B2E3D69BF}IMG400.JPG">https://img3.od-cdn.com/ImageType-400/0111-1/{40D199C8-DC1C-4A84-9087-430B2E3D69BF}IMG400.JPG</a>
Public note Cover image
856 40 - ELECTRONIC LOCATION AND ACCESS
Uniform Resource Identifier <a href="https://libbyapp.com/library/queerliblib/generated-1/page-1/12298004">https://libbyapp.com/library/queerliblib/generated-1/page-1/12298004</a>
Link text Borrow on Libby

No items available.